| 000 | 00451pab a2200157 454500 | ||
|---|---|---|---|
| 008 | 180718b1983 xxu||||| |||| 00| 0 eng d | ||
| 100 | _aWeijo, Richard, Gary Dodge | ||
| 245 |
_aStimulating energy conservation by homeowners _bA planning model for local government |
||
| 260 | _c1983 | ||
| 300 | _a433-43 | ||
| 362 | _aSept.-Oct. | ||
| 650 | _aEnergy Resources | ||
| 700 | _aWiliam Rudelius | ||
| 773 | _aPublic Administration Review | ||
| 909 | _a7546 | ||
| 999 |
_c7546 _d7546 |
||